[Event "otb"]
[Site "otb"]
[Date "2007.04.13"]
[Round "10"]
[White "Nataf Igor Alexandre"]
[Black "Sulskis Sarunas"]
[Result "1/2-1/2"]
[WhiteElo "2596"]
[BlackElo "2528"]
[PlyCount "128"]
[Source "www.chesslib.no"]
[SourceDate "2004.05.04"]

1. e4 e5 2. Nf3 Nc6 3. Bb5 a6 4. Bxc6 dxc6 5. O-O Qd6 6. Na3 b5 7. c3 Ne7 8. d4
exd4 9. cxd4 Ng6 10. Nc2 Be7 11. Bd2 c5 12. Rc1 O-O 13. dxc5 Qe6 14. Re1 Bxc5
15. Bb4 Bxb4 16. Nxb4 Nf4 17. Nd5 Nxd5 18. exd5 Qd6 19. Rc6 Qd8 20. d6 cxd6 21.
Rxd6 Qa5 22. Qb1 Be6 23. a3 Rad8 24. b4 Qxa3 25. Ng5 g6 26. Rdxe6 fxe6 27. Nxe6
Rde8 28. Re3 Qxe3 29. fxe3 Rxe6 30. Qb3 Rfe8 31. h3 h5 32. Qd5 Kh7 33. Kf2 R8e7
34. Qa8 Kg7 35. Qc8 h4 36. Qc3+ Kh6 37. Qh8+ Kg5 38. Qc8 Re4 39. Qc5+ R7e5 40.
Qd6 Rxe3 41. Qxa6 R3e4 42. Qd6 Rf5+ 43. Kg1 Kh6 44. Kh2 Ref4 45. Qd2 Rf8 46.
Qe3 Kh7 47. Qe5 R8f5 48. Qe7+ Rf7 49. Qc5 R4f5 50. Qd4 g5 51. Qe4 Kg7 52. Qd4+
Kg6 53. Qe4 Kh6 54. Qc6+ R7f6 55. Qe8 Kg7 56. Qd7+ Rf7 57. Qd4+ Kg6 58. Qe4 Kh5
59. Qe2+ Kh6 60. Qe8 Kg7 61. Qe4 Kf6 62. Qc6+ Ke7 63. Qb7+ Kf8 64. Qa8+ Kg7
1/2-1/2

[Event "Open"]
[Site "Calcutta"]
[Date "2004.11.11"]
[Round "5"]
[White "Ganguly, Surya Shekhar"]
[Black "Romanishin, Oleg M"]
[Result "1/2-1/2"]
[WhiteElo "2559"]
[BlackElo "2543"]
[PlyCount "135"]
[EventDate "2004.11.08"]
[Source "Roberto Alvarez"]
[SourceDate "2004.12.13"]

1. e4 e5 2. Nf3 Nc6 3. Bb5 a6 4. Bxc6 dxc6 5. O-O Qd6 6. Na3 Qe6 7. b3 Ne7 8.
Nc4 Ng6 9. d4 exd4 10. Nxd4 Qg4 11. Bb2 f6 12. Ne3 Qxd1 13. Raxd1 Kf7 14. f4
Bc5 15. e5 Re8 16. e6+ Rxe6 17. Nxe6 Bxe3+ 18. Kh1 Bxe6 19. f5 Bd5 20. fxg6+
hxg6 21. c4 Be6 22. Ba3 c5 23. Bb2 a5 24. Rd3 Bg5 25. Bc1 Bf5 26. Rd5 Bxc1 27.
Rxc1 b6 28. Re1 a4 29. Rd2 axb3 30. axb3 Ra3 31. Rb2 Be4 32. h4 f5 33. Rd1 Ke7
34. Kh2 Ra8 35. Kg3 Bc6 36. Kf4 Kf6 37. Re2 Rh8 38. g3 Kf7 39. Rde1 Be4 40. Rd2
Bc6 41. Re5 Kf6 42. Re3 Kf7 43. Rde2 Be4 44. Ra2 Kf6 45. Ra7 Rc8 46. g4 Bc6 47.
gxf5 gxf5 48. h5 Rd8 49. Kg3 Rd7 50. Kf2 Kg5 51. Re6 Be4 52. Rxb6 Kxh5 53. Rb5
Kg4 54. Rxc5 g5 55. Rcxc7 Rd2+ 56. Ke1 Rb2 57. c5 Rxb3 58. Rc8 Rc3 59. Kd2 Rc2+
60. Ke3 Rc4 61. Rg7 f4+ 62. Kd2 Rc2+ 63. Kd1 f3 64. Re8 Bf5 65. Reg8 Rxc5 66.
Rxg5+ Kf4 67. Rxf5+ Rxf5 68. Ke1 1/2-1/2

[Event "ZAZ Cup"]
[Site "Zaporozhye"]
[Date "2004.09.24"]
[Round "6"]
[White "Vysochin, Spartak"]
[Black "Malinin, Vasily B"]
[Result "1-0"]
[WhiteElo "2599"]
[BlackElo "2521"]
[PlyCount "111"]
[EventDate "2004.09.19"]
[Source "Roberto Alvarez"]
[SourceDate "2004.10.18"]

1. e4 Nc6 2. Nf3 e5 3. Bb5 a6 4. Bxc6 dxc6 5. O-O Qd6 6. Na3 Be6 7. Qe2 f6 8.
Rd1 c5 9. c3 O-O-O 10. d4 Ne7 11. Be3 cxd4 12. cxd4 exd4 13. Rxd4 Qc6 14. Rc1
Qe8 15. Rxd8+ Kxd8 16. Qd2+ Kc8 17. Nd4 Bd7 18. Bf4 Nc6 19. Nxc6 Bxc6 20. Qa5
Qe7 21. Nc4 g5 22. Bg3 h5 23. Qf5+ Kb8 24. Ne3 Qh7 25. Qxf6 Bg7 26. Qxg5 Bxb2
27. Rc2 Bd4 28. Nf5 Bb6 29. Rxc6 bxc6 30. Qf6 Kb7 31. e5 Qd7 32. Nd6+ cxd6 33.
Qxh8 dxe5 34. h4 Qf5 35. Qg7+ Bc7 36. Qg5 Qb1+ 37. Kh2 Qxa2 38. Qxh5 a5 39. Qh7
Qe2 40. f4 a4 41. fxe5 Kb6 42. Qb1+ Kc5 43. Qf5 Kb4 44. Qd7 a3 45. Qxc7 a2 46.
Qb6+ Ka3 47. Qa5+ Kb3 48. e6 c5 49. Qb6+ Ka4 50. Qa7+ Kb3 51. e7 c4 52. Qb8+
Kc2 53. Qe5 Qf1 54. e8=Q a1=Q 55. Qg6+ Kb3 56. Qb5+ 1-0

[Event "Cullera"]
[Site "?"]
[Date "2004.??.??"]
[Round "?"]
[White "Arizmendi Martinez, J."]
[Black "Cabrera, A."]
[Result "1-0"]
[WhiteElo "2530"]
[BlackElo "2530"]
[PlyCount "89"]
[EventDate "2004.??.??"]
[Source "Chess Informant"]
[SourceDate "2004.06.01"]

1. e4 e5 2. Nf3 Nc6 3. Bb5 a6 4. Bxc6 dxc6 5. O-O Qd6 6. d3 Ne7 7. Be3 Ng6 8.
Nbd2 c5 9. a3 Be7 10. Qe2 O-O 11. Rfb1 a5 12. a4 b6 13. Nf1 f5 14. exf5 Bxf5
15. N3d2 Rae8 16. Ng3 Bd7 17. Re1 Nf4 18. Bxf4 exf4 19. Nge4 Qg6 20. c3 Bh4 21.
Red1 Bh3 22. f3 Re5 23. d4 cxd4 24. cxd4 Rh5 25. Nc4 Be6 26. Ne5 Qh6 27. Rac1
Bd8 28. h3 c5 29. Ng4 Qg6 30. dxc5 bxc5 31. Rd6 Re8 32. Nxc5 Bd5 33. Qb5 Qf7
34. Rd1 Rf8 35. Qd7 Be7 36. R6xd5 Bxc5+ 37. Kf1 Qxd7 38. Rxd7 Bb4 39. Nf2 Rh6
40. Nd3 Rb6 41. Rc1 Rf5 42. Rcc7 Bf8 43. Rb7 Rff6 44. Rxb6 Rxb6 45. Rd5 1-0

[Event "EU-ch 3rd"]
[Site "Batumi"]
[Date "2002.06.24"]
[Round "12"]
[White "Macieja, Bartlomiej"]
[Black "Sturua, Zurab"]
[Result "1-0"]
[WhiteElo "2584"]
[BlackElo "2565"]
[PlyCount "128"]
[EventDate "2002.06.12"]
[Source "ChessBase"]
[SourceDate "2002.09.20"]

1. e4 e5 2. Nf3 Nc6 3. Bb5 a6 4. Bxc6 dxc6 5. O-O Qd6 6. d3 f6 7. Be3 c5 8.
Nbd2 Be6 9. Qe2 Ne7 10. Nc4 Qc6 11. b3 Ng6 12. c3 Be7 13. Ncd2 a5 14. d4 cxd4
15. cxd4 Qa6 16. Qxa6 Rxa6 17. Rac1 c6 18. dxe5 fxe5 19. Nc4 Bxc4 20. bxc4 Kd7
21. a4 Kc7 22. c5 Rd8 23. Rfd1 Raa8 24. g3 Bf6 25. Nd2 Nf8 26. Nc4 Rxd1+ 27.
Rxd1 Ne6 28. Rd6 Re8 29. Nxa5 Nd4 30. Nc4 Ne2+ 31. Kg2 Nc3 32. f3 Nxa4 33. f4
exf4 34. Bxf4 Kc8 35. Rd2 Re6 36. Nd6+ Kd7 37. Nxb7+ Ke8 38. Kf3 g5 39. Be3 h5
40. Bd4 Ke7 41. Nd8 g4+ 42. Kf4 Bxd4 43. Nxe6 Bc3 44. Rd3 Kxe6 45. Rd6+ Ke7 46.
Rxc6 Bd4 47. Rh6 Nxc5 48. Rxh5 Kf6 49. Rh6+ Kg7 50. Rc6 Bg1 51. Kf5 Kf8 52. e5
Ke7 53. Rc7+ Kd8 54. Rh7 Bd4 55. Rh4 Nd7 56. Rh8+ Ke7 57. Rh7+ Ke8 58. Rh8+ Ke7
59. Rh7+ Ke8 60. Rh6 Bb2 61. e6 Ne5 62. Rh8+ Ke7 63. Rh7+ Kd6 64. Rb7 Kd5 1-0

[Event "LTU-ch"]
[Site "Vilnius"]
[Date "2002.05.19"]
[Round "3"]
[White "Rozentalis, Eduardas"]
[Black "Sulskis, Sarunas"]
[Result "1-0"]
[WhiteElo "2586"]
[BlackElo "2577"]
[PlyCount "71"]
[EventDate "2002.05.17"]
[Source "ChessBase"]
[SourceDate "2002.09.20"]

1. e4 e5 2. Nf3 Nc6 3. Bb5 a6 4. Bxc6 dxc6 5. O-O Qd6 6. d3 Bg4 7. Be3 f6 8.
Nbd2 O-O-O 9. a3 Kb8 10. b4 Ne7 11. Qb1 Nc8 12. Bc5 Qd7 13. a4 Ka8 14. Qb2 Nd6
15. Rfb1 b6 16. Be3 Nb7 17. Qc3 Kb8 18. Qc4 Nd6 19. Qxa6 Qc8 20. Qxc8+ Kxc8 21.
a5 Kb7 22. axb6 cxb6 23. Ra4 Nc8 24. Nc4 Bd6 25. Nxd6+ Rxd6 26. Nd2 g5 27. Nc4
Rd7 28. Rba1 b5 29. Na5+ Kc7 30. R4a3 Rhd8 31. Nb3 Kd6 32. Ra6 Rc7 33. Bc5+ Ke6
34. Na5 Kd7 35. f3 Be6 36. Rd1 1-0

[Event "Andorra op 16th"]
[Site "?"]
[Date "1998.??.??"]
[Round "6"]
[White "Magem Badals Jordi"]
[Black "Kuzmin Alexey"]
[Result "1/2-1/2"]
[WhiteElo "2540"]
[BlackElo "2545"]
[PlyCount "31"]
[EventDate "1998.??.??"]
[Source "www.chesslib.no"]
[SourceDate "2004.05.04"]

1. e4 e5 2. Nf3 Nc6 3. Bb5 a6 4. Bxc6 dxc6 5. O-O Qd6 6. Na3 b5 7. c3 c5 8. Nc2
Bb7 9. d4 cxd4 10. cxd4 exd4 11. Ncxd4 c5 12. Nf5 Qxd1 13. Rxd1 Nf6 14. e5 Nd5
15. Ng5 Bc6 16. Ne4 1/2-1/2

[Event "Dhaka"]
[Site "Dhaka"]
[Date "1997.??.??"]
[Round "1"]
[White "Malisauskas, Vidmantas"]
[Black "Iuldachev, Saidali"]
[Result "1/2-1/2"]
[WhiteElo "2530"]
[BlackElo "2555"]
[PlyCount "23"]
[EventDate "1997.??.??"]
[Source "www.chesslib.no"]
[SourceDate "2004.05.04"]

1. e4 e5 2. Nf3 Nc6 3. Bb5 a6 4. Bxc6 dxc6 5. O-O Qd6 6. Na3 Be6 7. Qe2 f6 8.
Rd1 Bg4 9. c3 Qe6 10. Nc2 Bd6 11. d4 Ne7 12. Ne3 1/2-1/2

[Event "FRA-chT9697 final"]
[Site "Clichy"]
[Date "1997.05.01"]
[Round "8"]
[White "Magem Badals, Jordi"]
[Black "Pinter, Jozsef"]
[Result "1/2-1/2"]
[WhiteElo "2570"]
[BlackElo "2575"]
[PlyCount "152"]
[EventDate "1997.??.??"]
[Source "www.chesslib.no"]
[SourceDate "2004.05.04"]

1. e4 e5 2. Nf3 Nc6 3. Bb5 a6 4. Bxc6 dxc6 5. O-O Qd6 6. Na3 b5 7. c3 c5 8. Nc2
Bb7 9. d4 cxd4 10. cxd4 exd4 11. Ncxd4 Rd8 12. Bg5 Be7 13. Qc1 Bxg5 14. Qxg5 g6
15. Rac1 h6 16. Qe3 Ne7 17. b4 c6 18. a3 g5 19. Nf5 Nxf5 20. exf5+ Kf8 21. Qc3
Kg8 22. Ne5 Qd4 23. Qxd4 Rxd4 24. Rfd1 Rxd1+ 25. Rxd1 Kg7 26. Rd7 Re8 27. Rxf7+
Kg8 28. Rxb7 Rxe5 29. g4 h5 30. h3 hxg4 31. hxg4 Re4 32. f3 Re3 33. Kf2 Rxa3
34. Rb6 Rc3 35. Rxa6 Rc4 36. Kg3 Kf7 37. Ra7+ Kf8 38. Rc7 Rxb4 39. Rxc6 Rb1 40.
Rb6 b4 41. Kf2 b3 42. Ke3 b2 43. Kd2 Rf1 44. Rxb2 Rxf3 45. Rb4 Ra3 46. Ke2 Kf7
47. Re4 Rb3 48. Re3 Rb4 49. Kf3 Rf4+ 50. Kg3 Ra4 51. Rb3 Ra6 52. Kf3 Kf6 53.
Rc3 Ke5 54. Re3+ Kf6 55. Rb3 Ke5 56. Ke3 Ra5 57. Rc3 Rb5 58. Ra3 Rc5 59. Kf3
Rc6 60. Ra5+ Kf6 61. Rd5 Rc3+ 62. Ke4 Rg3 63. Rd6+ Kf7 64. Rc6 Rxg4+ 65. Ke5
Ra4 66. Rc7+ Kf8 67. f6 g4 68. Ke6 Ra8 69. Rh7 Kg8 70. Rg7+ Kf8 71. Rh7 Kg8 72.
Rh4 Ra6+ 73. Kf5 g3 74. Rg4+ Kf8 75. Kg6 g2 76. Rxg2 Ra1 1/2-1/2

[Event "FRA-chT9697 final"]
[Site "Clichy"]
[Date "1997.05.03"]
[Round "10"]
[White "Hamdouchi, Hichem"]
[Black "Godena, Michele"]
[Result "1-0"]
[WhiteElo "2520"]
[BlackElo "2545"]
[PlyCount "107"]
[EventDate "1997.??.??"]
[Source "www.chesslib.no"]
[SourceDate "2004.05.04"]

1. e4 e5 2. Nf3 Nc6 3. Bb5 a6 4. Bxc6 dxc6 5. O-O Qd6 6. Na3 Be6 7. Qe2 f6 8.
Rd1 c5 9. c3 Bg4 10. Nc2 Qc6 11. d4 cxd4 12. cxd4 Bd6 13. Rd2 Qb5 14. Qd1 Ne7
15. Ne3 Bxf3 16. Qxf3 exd4 17. Nd5 Nxd5 18. exd5 Be5 19. d6 c5 20. Qd5 O-O-O
21. Rc2 Bxd6 22. Bf4 d3 23. Rc3 Qc6 24. Qf5+ Kb8 25. Rxc5 Qb6 26. Rd1 Bxf4 27.
Qxf4+ Ka8 28. Rc3 Qxb2 29. Qc7 Qe2 30. Rcc1 d2 31. Rb1 Qe4 32. f3 Qc6 33. Qxc6
bxc6 34. Rb2 Rhe8 35. Rbxd2 Rxd2 36. Rxd2 Kb7 37. Rd7+ Kb6 38. Rxg7 h5 39. Rh7
Re5 40. Rh6 Ra5 41. Rxf6 Rxa2 42. g4 hxg4 43. fxg4 a5 44. g5 Ra4 45. h3 Rh4 46.
Kg2 a4 47. Kg3 Rh8 48. h4 a3 49. Rf1 Kc5 50. Kg4 a2 51. Ra1 Ra8 52. h5 Kd6 53.
h6 Ke6 54. h7 1-0

[Event "Yerevan ol (Men)"]
[Site "Yerevan"]
[Date "1996.??.??"]
[Round "9"]
[White "Magem Badals, Jordi"]
[Black "Giorgadze, Giorgi"]
[Result "1/2-1/2"]
[WhiteElo "2570"]
[BlackElo "2580"]
[PlyCount "44"]
[EventDate "1996.09.??"]
[Source "www.chesslib.no"]
[SourceDate "2004.05.04"]

1. e4 e5 2. Nf3 Nc6 3. Bb5 a6 4. Bxc6 dxc6 5. O-O Qd6 6. Na3 Be6 7. Qe2 f6 8.
Nc4 Qd7 9. Rd1 c5 10. c3 Bg4 11. h3 Bxf3 12. Qxf3 Ne7 13. d3 Nc6 14. a3 a5 15.
Qg3 g6 16. f4 Bg7 17. fxe5 fxe5 18. a4 O-O 19. Bg5 b6 20. Qe3 Rf7 21. Rf1 Raf8
22. Rxf7 Rxf7 1/2-1/2

[Event "Yerevan (ol)"]
[Site "?"]
[Date "1996.??.??"]
[Round "?"]
[White "Arencibia, W."]
[Black "Giorgadze, G."]
[Result "0-1"]
[WhiteElo "2555"]
[BlackElo "2580"]
[PlyCount "52"]
[EventDate "1996.??.??"]
[Source "ChessBase"]
[SourceDate "1996.06.01"]

1. e4 e5 2. Nf3 Nc6 3. Bb5 a6 4. Bxc6 dxc6 5. O-O Qd6 6. Na3 Be6 7. Ng5 Bd7 8.
Nc4 Qg6 9. d4 f6 10. f4 exf4 11. Nf3 O-O-O 12. Qd3 Re8 13. Re1 Qg4 14. Bd2 Ne7
15. Ba5 Kb8 16. Qb3 Nc8 17. Kh1 Qh5 18. Bd2 g5 19. e5 g4 20. Ng1 f3 21. gxf3
Be6 22. Qd3 gxf3 23. Rf1 Rg8 24. Ne3 fxe5 25. dxe5 Bh6 26. Nxf3 Rg3 0-1

[Event "Copenhagen BSF"]
[Site "Copenhagen"]
[Date "1995.??.??"]
[Round "11"]
[White "Glek, Igor V"]
[Black "Leko, Peter"]
[Result "1/2-1/2"]
[WhiteElo "2590"]
[BlackElo "2555"]
[PlyCount "132"]
[EventDate "1995.03.??"]
[Source "ChessBase"]

1. e4 e5 2. Nf3 Nc6 3. Bb5 a6 4. Bxc6 dxc6 5. O-O Qd6 6. Na3 Be6 7. Qe2 f6 8.
Nc4 Qd7 9. c3 O-O-O 10. d4 exd4 11. Nxd4 Bf7 12. Be3 c5 13. Nf3 Qb5 14. b3 Bxc4
15. bxc4 Qc6 16. e5 Re8 17. Rfe1 fxe5 18. Bf4 Bd6 19. Nxe5 Bxe5 20. Bxe5 Nf6
21. f4 Rhf8 22. Rad1 g6 23. Rd3 Nd7 24. Re3 Nxe5 25. Rxe5 Rxe5 26. fxe5 Qe6 27.
Qe3 Qe7 28. e6 Rf6 29. Qe4 Rf8 30. Rb1 c6 31. h3 Re8 32. Re1 Kc7 33. a4 a5 34.
Kh1 b6 35. Qf4+ Qd6 36. Qf7+ Re7 37. Qf8 Qd8 38. Qf6 Qd6 39. h4 Re8 40. Qf7+
Re7 41. Qf6 Re8 42. h5 gxh5 43. Qf7+ Re7 44. Qxh5 Qf4 45. Qe2 Qh4+ 46. Kg1 Qg3
47. Qd2 Kb7 48. Re4 Kc7 49. Re3 Qg4 50. Qe1 h5 51. Re4 Qg5 52. Kh2 Kd6 53. Qd1+
Kc7 54. Qf3 h4 55. Qf2 Re8 56. Qf7+ Re7 57. Qf2 Re8 58. Kh3 Kd6 59. Rg4 Qc1 60.
Kh2 Qxc3 61. Rg5 Qxc4 62. Qf7 Re7 63. Qf8 Qxe6 64. Qb8+ Kd7 65. Qb7+ Ke8 66.
Qb8+ Kd7 1/2-1/2

[Event "Moscow ol (Men)"]
[Site "Moscow"]
[Date "1994.??.??"]
[Round "8"]
[White "Magem Badals, Jordi"]
[Black "Malaniuk, Vladimir P"]
[Result "0-1"]
[WhiteElo "2520"]
[BlackElo "2610"]
[PlyCount "56"]
[EventDate "1994.11.??"]
[Source "ChessBase"]

1. e4 e5 2. Nf3 Nc6 3. Bb5 a6 4. Bxc6 dxc6 5. O-O Qd6 6. Na3 Be6 7. Qe2 f6 8.
Rd1 Bg4 9. c3 Qe6 10. Nc2 Bh5 11. d4 Bd6 12. Re1 Ne7 13. h3 h6 14. Ne3 Bf7 15.
Nf5 Nxf5 16. exf5 Qxf5 17. dxe5 fxe5 18. Nxe5 O-O 19. Nxf7 Rxf7 20. Be3 Re8 21.
Qg4 Rxe3 22. fxe3 Qe5 23. g3 Rf5 24. Rad1 h5 25. Qc4+ Kh8 26. Qe2 Qxg3+ 27. Qg2
Qh4 28. Kh1 Rg5 0-1

[Event "Tilburg blitz"]
[Site "Tilburg"]
[Date "1994.??.??"]
[Round "1"]
[White "Kotronias, Vasilios"]
[Black "Romanishin, Oleg M"]
[Result "0-1"]
[WhiteElo "2545"]
[BlackElo "2605"]
[PlyCount "102"]
[EventDate "1994.09.??"]
[Source "ChessBase"]

1. e4 e5 2. Nf3 Nc6 3. Bb5 a6 4. Bxc6 dxc6 5. O-O Qd6 6. Na3 Be6 7. Qe2 f6 8.
Rd1 Bg4 9. c3 Qe6 10. Nc2 Bd6 11. d4 Ne7 12. Ne3 Bh5 13. Qc4 Qxc4 14. Nxc4
O-O-O 15. dxe5 Bxe5 16. Rxd8+ Rxd8 17. Be3 Bxf3 18. gxf3 Ng6 19. h3 Bf4 20. Rc1
b5 21. Na3 Bxe3 22. fxe3 Rd2 23. Rc2 Ne5 24. f4 Nf3+ 25. Kf1 Rxc2 26. Nxc2 Nd2+
27. Ke2 Nxe4 28. Kf3 Nd2+ 29. Ke2 Nc4 30. b3 Nd6 31. Kd3 c5 32. c4 Kd7 33. e4
c6 34. h4 Ke6 35. Ne3 g6 36. Nf1 h6 37. Nd2 g5 38. fxg5 fxg5 39. hxg5 hxg5 40.
Ke3 Nf7 41. Kf3 Ke5 42. Ke3 g4 43. cxb5 cxb5 44. a4 Nd6 45. axb5 axb5 46. Nb1
Nxe4 47. Na3 Nd6 48. Nc2 Nf5+ 49. Kf2 Ke4 50. Na3 Nd4 51. Kg3 Kf5 0-1

[Event "Bonn GSK"]
[Site "Bonn"]
[Date "1994.??.??"]
[Round "6"]
[White "Rozentalis, Eduardas"]
[Black "Romanishin, Oleg M"]
[Result "1/2-1/2"]
[WhiteElo "2605"]
[BlackElo "2590"]
[PlyCount "86"]
[EventDate "1994.??.??"]
[Source "ChessBase"]

1. e4 e5 2. Nf3 Nc6 3. Bb5 a6 4. Bxc6 dxc6 5. O-O Qd6 6. Na3 Be6 7. Qe2 f6 8.
Rd1 Bg4 9. c3 Qe6 10. Nc2 Bd6 11. Ne3 Bxf3 12. Qxf3 Ne7 13. Qg4 Qf7 14. d4 O-O
15. Nf5 Nxf5 16. Qxf5 Rfe8 17. Bd2 Rad8 18. b3 a5 19. g3 a4 20. Rab1 axb3 21.
axb3 Ra8 22. Be3 exd4 23. Rxd4 Re5 24. Qf3 c5 25. Rd3 Re7 26. e5 Rxe5 27. Qxb7
Rae8 28. c4 h5 29. Rbd1 h4 30. Qf3 Qg6 31. Rd5 Qc2 32. Bf4 Re1+ 33. Rxe1 Rxe1+
34. Kg2 hxg3 35. hxg3 Qh7 36. Rh5 Qe4 37. Qxe4 Rxe4 38. Be3 g5 39. Rh1 Re8 40.
Rd1 Rb8 41. Rd3 Kf7 42. g4 Ke6 43. Kf3 Rh8 1/2-1/2

[Event "Corr"]
[Site "?"]
[Date "1994.??.??"]
[Round "?"]
[White "Cordovil Joao MCM"]
[Black "Oim Tonu O"]
[Result "0-1"]
[WhiteElo "2575"]
[BlackElo "2565"]
[PlyCount "68"]
[EventDate "1994.??.??"]
[Source "www.chesslib.no"]
[SourceDate "2004.05.04"]

1. e4 e5 2. Nf3 Nc6 3. Bb5 a6 4. Bxc6 dxc6 5. O-O Qd6 6. d3 f6 7. Be3 Ne7 8.
Nbd2 c5 9. Nc4 Qc6 10. Nfd2 g5 11. Na5 Qa4 12. Nab3 b6 13. Qh5+ Ng6 14. c3 Bd6
15. h4 gxh4 16. f4 exf4 17. Nc4 Be6 18. Nxd6+ cxd6 19. Bxf4 O-O-O 20. Bxd6 Rxd6
21. Rxf6 Rf8 22. Rxf8+ Nxf8 23. Rf1 Nd7 24. Qe8+ Kc7 25. Rf8 Rxd3 26. e5 Rd1+
27. Kf2 Rf1+ 28. Kxf1 Qb5+ 29. Kg1 Nxf8 30. Qxf8 Qd7 31. Kh2 Qf7 32. Qd6+ Kb7
33. Qd2 Qg7 34. Qe3 Bd5 0-1

[Event "Manila ol (Men)"]
[Site "Manila PHI"]
[Date "1992.??.??"]
[Round "?"]
[White "Rozentalis, Eduardas"]
[Black "Huebner, Robert"]
[Result "1/2-1/2"]
[WhiteElo "2585"]
[BlackElo "2615"]
[PlyCount "97"]
[EventDate "1992.06.??"]
[Source "www.chesslib.no"]
[SourceDate "2004.05.04"]

1. e4 e5 2. Nf3 Nc6 3. Bb5 a6 4. Bxc6 dxc6 5. O-O Qd6 6. Na3 b5 7. c3 c5 8. Nc2
Ne7 9. d4 cxd4 10. cxd4 exd4 11. Nfxd4 Nc6 12. Nxc6 Qxc6 13. Bf4 Bd6 14. Nd4
Qb6 15. Bxd6 Qxd6 16. Rc1 O-O 17. Nc6 Re8 18. f3 Be6 19. a3 Qf4 20. Qd4 h5 21.
Qc5 Bc4 22. Rfe1 Re6 23. b3 Bxb3 24. Nd4 Re5 25. Qc3 Bc4 26. Nf5 Rxf5 27. exf5
Qxf5 28. Re5 Qg6 29. Qd4 c6 30. Qh4 f5 31. Rce1 Rf8 32. Qf4 Bd5 33. h4 a5 34.
Re7 b4 35. axb4 axb4 36. Rb7 b3 37. Ree7 Bf7 38. Rec7 Qf6 39. Rb6 Bd5 40. Kh2
Kh7 41. Kh3 Rf7 42. Rc8 Rf8 43. Rxf8 Qxf8 44. Qg5 Qf7 45. Rb8 Be6 46. f4 Bd5
47. Qd8 Qf6 48. Qe8 Bf7 49. Qc8 1/2-1/2

[Event "Lippstadt"]
[Site "?"]
[Date "1992.??.??"]
[Round "?"]
[White "Glek, I."]
[Black "Mainka, R."]
[Result "1-0"]
[WhiteElo "2520"]
[BlackElo "2550"]
[PlyCount "87"]
[EventDate "1992.??.??"]
[Source "www.chesslib.no"]
[SourceDate "2004.05.04"]

1. e4 e5 2. Nf3 Nc6 3. Bb5 a6 4. Bxc6 dxc6 5. O-O Qd6 6. d3 f6 7. Be3 Be6 8.
Nbd2 Ne7 9. d4 Ng6 10. c4 exd4 11. Nxd4 Ne5 12. c5 Qd7 13. Nxe6 Qxe6 14. h3
O-O-O 15. Qc2 g5 16. b4 g4 17. hxg4 Qxg4 18. f3 Qh5 19. Nc4 Bh6 20. Bxh6 Qxh6
21. Nxe5 fxe5 22. Rfd1 Rdf8 23. Rd3 Rhg8 24. Rad1 Qf6 25. a4 Rg6 26. b5 Rfg8
27. bxa6 Rxg2+ 28. Qxg2 Rxg2+ 29. Kxg2 Qg5+ 30. Kf1 bxa6 31. a5 Qh4 32. R3d2
Qh3+ 33. Ke2 Qg2+ 34. Ke3 Qg5+ 35. Kd3 Qg8 36. Ke3 Qb3+ 37. Kf2 Qg8 38. Rd8+
Qxd8 39. Rxd8+ Kxd8 40. Kg3 Ke7 41. Kg4 Kf6 42. Kh5 Kg7 43. Kg5 Kf7 44. Kf5 1-0

[Event "Manila (ol)"]
[Site "?"]
[Date "1992.??.??"]
[Round "?"]
[White "Christiansen, L."]
[Black "Pinter, J."]
[Result "1/2-1/2"]
[WhiteElo "2595"]
[BlackElo "2580"]
[PlyCount "131"]
[EventDate "1992.??.??"]
[Source "ChessBase"]
[SourceDate "1992.06.01"]

1. e4 e5 2. Nf3 Nc6 3. Bb5 a6 4. Bxc6 dxc6 5. O-O Qd6 6. Na3 Be6 7. Ng5 Bd7 8.
d3 f6 9. Nc4 Qe7 10. Nf3 Qf7 11. Be3 Be6 12. Nfd2 Ne7 13. f4 exf4 14. Bxf4 Ng6
15. Bg3 Bc5+ 16. Kh1 O-O 17. Qh5 b6 18. Rae1 Qd7 19. h3 Rae8 20. a3 Rf7 21. Kh2
Bf8 22. Qe2 b5 23. Ne3 Bd6 24. Qf2 Bc5 25. Qf3 Bd4 26. Nd1 c5 27. Qh5 Be5 28.
Bxe5 Nxe5 29. Nf3 Nxf3+ 30. Rxf3 c4 31. Nc3 Qd4 32. e5 f5 33. Qg5 Qc5 34. Qg3
cxd3 35. cxd3 b4 36. Ne2 bxa3 37. d4 Qb6 38. bxa3 c5 39. Rd1 Bc4 40. dxc5 Qxc5
41. Re3 Bxe2 42. Rxe2 Rfe7 43. Qb3+ Kf8 44. Rd5 Qc7 45. Qg3 Qc4 46. Red2 Qe4
47. R2d4 Qe2 48. Rc5 Rxe5 49. Rd7 R5e7 50. Rxf5+ Kg8 51. Rd6 Re3 52. Qg5 R3e6
53. Rd2 Qe3 54. Qxe3 Rxe3 55. Ra5 R3e6 56. Rd7 Rg6 57. Rd3 h6 58. g4 Rge6 59.
Kg3 g5 60. Rf3 Kg7 61. a4 Rd8 62. Raf5 Rd7 63. a5 Red6 64. h4 gxh4+ 65. Kxh4
Rd5 66. g5 1/2-1/2

[Event "Novy Smokovec"]
[Site "Novy Smokovec"]
[Date "1992.??.??"]
[Round "?"]
[White "Malisauskas, Vidmantas"]
[Black "Romanishin, Oleg M"]
[Result "1/2-1/2"]
[WhiteElo "2530"]
[BlackElo "2555"]
[PlyCount "72"]
[EventDate "1992.??.??"]
[Source "ChessBase"]

1. e4 e5 2. Nf3 Nc6 3. Bb5 a6 4. Bxc6 dxc6 5. O-O Qd6 6. Na3 Be6 7. Ng5 Bd7 8.
Nc4 Qg6 9. d3 f6 10. Nf3 Ne7 11. Be3 Bg4 12. Ncd2 Qh5 13. h3 Be6 14. d4 exd4
15. Nxd4 Qxd1 16. Rfxd1 Bf7 17. N2b3 Nc8 18. Bf4 Bd6 19. Bxd6 Nxd6 20. Nf5
O-O-O 21. Nxg7 Nxe4 22. Nf5 Nd6 23. Nxd6+ cxd6 24. f3 Rhe8 25. Kf2 Re5 26. Nc1
Bg6 27. Rd2 Rb5 28. c3 Bf7 29. Ne2 Kc7 30. Nf4 Rf5 31. g3 a5 32. a3 Re8 33. Re1
Rxe1 34. Kxe1 b5 35. Kf2 c5 36. Ng2 Re5 1/2-1/2

[Event "Erevan"]
[Site "?"]
[Date "1988.??.??"]
[Round "?"]
[White "Dolmatov, S."]
[Black "Smagin, S."]
[Result "0-1"]
[WhiteElo "2565"]
[BlackElo "2540"]
[PlyCount "74"]
[EventDate "1988.??.??"]
[Source "ChessBase"]
[SourceDate "1988.01.01"]

1. e4 e5 2. Nf3 Nc6 3. Bb5 a6 4. Bxc6 dxc6 5. O-O Qd6 6. d3 f6 7. Be3 Bg4 8.
Nbd2 Ne7 9. b4 Ng6 10. h3 Be6 11. d4 Qd7 12. a3 Be7 13. c4 O-O 14. Qe2 Qe8 15.
Rfd1 Qf7 16. c5 Rad8 17. Rac1 Nf4 18. Qf1 Qh5 19. Kh2 g5 20. dxe5 fxe5 21. Nxe5
g4 22. Ndc4 Ne2 23. f4 Bh4 24. f5 Bg3+ 25. Kh1 Bxc4 26. Nxc4 Nxc1 27. Rxc1 Qh4
28. e5 Rd5 29. f6 Bxe5 30. Nxe5 Rxe5 31. Qf4 Rd5 32. Bd4 Qg5 33. Qe4 Qxc1+ 34.
Kh2 Rxd4 35. Qxd4 Qh6 36. Qxg4+ Kh8 37. f7 Qf6 0-1

[Event "Moscow"]
[Site "Moscow"]
[Date "1986.??.??"]
[Round "?"]
[White "Arkhipov, Sergey"]
[Black "Romanishin, Oleg M"]
[Result "0-1"]
[WhiteElo "2545"]
[BlackElo "2560"]
[PlyCount "76"]
[EventDate "1986.03.??"]
[Source "ChessBase"]

1. e4 e5 2. Nf3 Nc6 3. Bb5 a6 4. Bxc6 dxc6 5. O-O Qd6 6. Na3 Be6 7. Ng5 f6 8.
Nxe6 Qxe6 9. d3 Bxa3 10. bxa3 Ne7 11. f4 exf4 12. Bxf4 O-O-O 13. Qf3 Ng6 14.
Bg3 Ne5 15. Qe3 b6 16. a4 a5 17. d4 Nc4 18. Qd3 Kb7 19. Rae1 Ne5 20. Qc3 Nf7
21. e5 fxe5 22. Qb3 Rd5 23. dxe5 Re8 24. Re2 Nd8 25. h3 Qg6 26. Kh2 Ne6 27.
Ref2 Re7 28. Bh4 Red7 29. Qg3 Qe4 30. Rf7 Qxc2 31. Be7 Qg6 32. Qxg6 hxg6 33.
Bd6 Kc8 34. Rxd7 Kxd7 35. Rf7+ Kd8 36. Re7 Rxe5 37. Rxc7 Rd5 38. Rxc6 Kd7 0-1

[Event "Banja Luka"]
[Site "Banja Luka"]
[Date "1976.??.??"]
[Round "2"]
[White "Chekhov, Valery A"]
[Black "Smejkal, Jan"]
[Result "0-1"]
[WhiteElo "2530"]
[BlackElo "2615"]
[PlyCount "78"]
[EventDate "1976.12.??"]
[Source "ChessBase"]

1. e4 e5 2. Nf3 Nc6 3. Bb5 a6 4. Bxc6 dxc6 5. O-O Qd6 6. d3 Ne7 7. Be3 Ng6 8.
Nbd2 Be7 9. Qe2 c5 10. c3 O-O 11. Rfd1 Rd8 12. Nc4 Qe6 13. h3 b6 14. Ng5 Bxg5
15. Bxg5 f6 16. Be3 a5 17. Nd2 Rd6 18. Nf3 Ba6 19. Qc2 Rad8 20. d4 exd4 21.
cxd4 Qc4 22. Qxc4+ Bxc4 23. b3 Ba6 24. Rd2 cxd4 25. Rxd4 c5 26. Rxd6 Rxd6 27.
a3 Bb5 28. Nd2 Rd3 29. Rb1 Ne5 30. Bf4 Nd7 31. Rb2 a4 32. bxa4 Bxa4 33. Nc4 b5
34. Nd6 g5 35. Bg3 c4 36. Nxb5 Bxb5 37. Rxb5 c3 38. Rb3 Rd1+ 39. Kh2 c2 0-1